Перенос излучения в дисперсной среде с частицами произвольной формы; Известия Томского политехнического университета [Известия ТПУ]; Т. 307, № 7

Bibliografski detalji
Parent link:Известия Томского политехнического университета [Известия ТПУ]/ Томский политехнический университет (ТПУ).— , 2000-
Т. 307, № 7.— 2004.— [С. 22-25]
Glavni autor: Горячев Б. В. Борис Валентинович
Daljnji autori: Могильницкий С. Б. Сергей Борисович
Sažetak:Заглавие с титульного листа
Электронная версия печатной публикации
Рассмотрен новый подход к решению задачи переноса излучения в дисперсной среде, базирующийся на использовании индикатрисы рассеяния излучения в виде интегральных параметров, вычисленных на основе двух индикатрис, представленных во взаимно перпендикулярных плоскостях. Такое представление индикатрисы рассеяния излучения адаптировано к потоковым методам решения задачи переноса излучения. Анализ результатов решения производится с помощью коэффициентов асимметрии индикатрисы рассеяния излучения и тела яркости рассеивающего объема.
Jezik:ruski
Izdano: 2004
Serija:Естественные науки
Teme:
Online pristup:http://www.lib.tpu.ru/fulltext/v/Bulletin_TPU/2004/v307/i7/05.pdf
Format: Elektronički Poglavlje knjige
KOHA link:https://koha.lib.tpu.ru/cgi-bin/koha/opac-detail.pl?biblionumber=169974

MARC

LEADER 00000nla2a2200000 4500
001 169974
005 20240202212424.0
035 |a (RuTPU)RU\TPU\book\184344 
035 |a RU\TPU\book\184342 
090 |a 169974 
100 |a 20091119d2004 k y0rusy50 ca 
101 0 |a rus 
102 |a RU 
135 |a drnn ---uucaa 
181 0 |a i  
182 0 |a b 
200 1 |a Перенос излучения в дисперсной среде с частицами произвольной формы  |f Б. В. Горячев, С. Б. Могильницкий 
203 |a Текст  |c электронный 
215 |a 1 файл (245 Кб) 
225 1 |a Естественные науки 
300 |a Заглавие с титульного листа 
300 |a Электронная версия печатной публикации 
320 |a [Библиогр.: с. 25 (5 назв.)] 
330 |a Рассмотрен новый подход к решению задачи переноса излучения в дисперсной среде, базирующийся на использовании индикатрисы рассеяния излучения в виде интегральных параметров, вычисленных на основе двух индикатрис, представленных во взаимно перпендикулярных плоскостях. Такое представление индикатрисы рассеяния излучения адаптировано к потоковым методам решения задачи переноса излучения. Анализ результатов решения производится с помощью коэффициентов асимметрии индикатрисы рассеяния излучения и тела яркости рассеивающего объема. 
337 |a Adobe Reader 
461 1 |0 (RuTPU)RU\TPU\book\176237  |t Известия Томского политехнического университета [Известия ТПУ]  |f Томский политехнический университет (ТПУ)  |d 2000- 
463 1 |0 (RuTPU)RU\TPU\book\184338  |t Т. 307, № 7  |v [С. 22-25]  |d 2004  |p 195 с. 
610 1 |a перенос 
610 1 |a излучение 
610 1 |a частицы 
610 1 |a произвольные формы 
610 1 |a подходы 
610 1 |a решение задач 
610 1 |a использование 
610 1 |a индикатрисы рассеяния 
610 1 |a интегральные параметры 
610 1 |a плоскости 
610 1 |a методы 
610 1 |a анализ 
610 1 |a результаты 
610 1 |a коэффициенты 
610 1 |a асимметрия 
610 1 |a тела 
610 1 |a яркость 
610 1 |a рассеивающий объем 
610 1 |a труды учёных ТПУ 
610 1 |a электронный ресурс 
610 1 |a дисперсные среды 
700 1 |a Горячев  |b Б. В.  |c физик  |c доцент Томского политехнического университета, кандидат физико-математических наук  |f 1947-  |g Борис Валентинович  |3 (RuTPU)RU\TPU\pers\25460  |9 11399 
701 1 |a Могильницкий  |b С. Б.  |c доцент каф. общей физики (ОФ) ЕНМФ, ТПУ  |c кандидат физико-математических наук  |f 1951-  |g Сергей Борисович  |3 (RuTPU)RU\TPU\pers\25470 
801 1 |a RU  |b 63413507  |c 20090623  |g PSBO 
801 2 |a RU  |b 63413507  |c 20210728  |g PSBO 
856 4 |u http://www.lib.tpu.ru/fulltext/v/Bulletin_TPU/2004/v307/i7/05.pdf 
942 |c CF